Process dynamics : dynamic behavior of the production process /

Guardado en:
Autor Principal: Campbell, Donald Pierce.
Formato: Libro
Idioma:English
Publicado: New York : Wiley, c1958.
Materias:
Etiquetas: Agregar Etiqueta
Sin Etiquetas, Sea el primero en etiquetar este registro!
LEADER 00678cam a22001935a 4500
001 EIQ.libpla001843
008 750717s1958####nyua#####b####001#0#eng#d
005 20070219171423.0
245 1 0 |a Process dynamics :  |b dynamic behavior of the production process /  |c Donald P. Cambell. 
260 |a New York :  |b Wiley,  |c c1958. 
300 |a 316 p. :  |b il. ;  |c 24 cm. 
504 |a Incluye referencias bibliográficas e índice. 
100 1 |a Campbell, Donald Pierce. 
082 |a 660.2842 
650 4 |a Control automático  |x Diseño. 
650 4 |a Automatic control  |x Design. 
010 |a  58010798  
040 |a DLC  |c FM  |d OCoLC  |d Uk  |d DLC  |d AR-BbSID 
859 |a AR-BbSID  |b BIB. PLAPIQUI  |h 660.28  |i C 152  |p 955